000 01415cam a2200301 a 4500
999 _c528341
_d528341
001 15584796
003 NUST
005 20190906073159.0
008 090113s2009 dcu f000 0 eng
010 _a 2009000522
038 _aMSOHAIL
040 _aDLC
_cDLC
043 _an-us---
050 0 0 _aHE5614.2
_b.N28 2009
082 0 0 _a388.1220973
_222
_bTRB
110 2 _aNational Research Council (U.S.).
_bTransportation Research Board.
_bCommittee for the Strategic Highway Research Program 2: Implementation.
_920086
245 1 0 _aImplementing the results of the second Strategic Highway Research Program :
_bsaving lives, reducing congestion, improving quality of life /
_cCommittee for the Strategic Highway Research Program 2: Implementation, Transportation Research Board of the National Academies.
260 _aWashington, D.C. :
_bTransportation Research Board,
_c2009.
300 _axiii, 169 p. ;
_c23 cm.
490 0 _aSpecial report ;
_v296
610 2 0 _aStrategic Highway Research Program (U.S.)
_920087
650 0 _aTraffic safety
_zUnited States.
_920010
650 0 _aHighway research
_zUnited States.
_920088
650 0 _aTraffic congestion
_zUnited States.
_920089
906 _a7
_bcbc
_corignew
_d1
_eecip
_f20
_gy-gencatlg
942 _2ddc
_cBK